| 000 | 00334nam a22001457a 4500 | ||
|---|---|---|---|
| 003 | SGT | ||
| 020 | _a978-8578890865 | ||
| 082 |
_a617.645 _bE17J |
||
| 100 | _a Julio Cesar Joly | ||
| 245 | _aEsthetic Perio-Implantology | ||
| 260 |
_aNEW DELHI _bQuintessence Pub Co _c2017 |
||
| 300 | _a1-895 | ||
| 650 | _aIMPLANT | ||
| 942 |
_2ddc _cBK |
||
| 999 |
_c21026 _d21026 |
||